Κατάλογος Βιβλιοθηκών Mediterranean College

Organization Theory / Selected Readings: Third Edition (Record no. 3332)

MARC details
000 -LEADER
fixed length control field 01726cam a22002174a 4500
005 - ΗΜΕΡΟΜΗΝΙΑ ΚΑΙ ΩΡΑ ΤΕΛΕΥΤΑΙΑΣ ΕΝΗΜΕΡΩΣΗΣ
Πεδίο ελέγχου 20250605164112.0
008 - FIXED-LENGTH DATA ELEMENTS--GENERAL INFORMATION
Πεδίο ελέγχου σταθερού μήκους 250528s ||||||||||||||||||||||||d
035 ## - SYSTEM CONTROL NUMBER
System control number 17935
020 ## - ISBN
ISBN 140124233
040 ## - ΠΗΓΗ ΚΑΤΑΛΟΓΟΓΡΑΦΗΣΗΣ
Φορέας πρωτότυπης καταλογογράφησης MC Athens Campus Library
Γλώσσα καταλογογράφησης Ελληνικά, Μοντέρνα (1453-)
Modifying agency MC Athens Campus Library
Κανόνες περιγραφικής καταλογογράφησης AACR2
245 1# - ΤΙΤΛΟΣ ΚΑΙ ΔΗΛΩΣΗ ΥΠΕΥΘΥΝΟΤΗΤΑΣ
Τίτλος Organization Theory / Selected Readings: Third Edition
250 ## - EDITION STATEMENT
Edition statement 3rd
260 ## - PUBLICATION, DISTRIBUTION, ETC.
Name of publisher, distributor, etc. Penguin Books,
Date of publication, distribution, etc. 1990
300 ## - PHYSICAL DESCRIPTION
Extent 516
505 0# - FORMATTED CONTENTS NOTE
Formatted contents note Introduction, The Structure of Organizations, Legitimate Authority and Bureaucracy, The Stratified Depth-Structure of Bureaucracy, The Structure of Complex Organization, Mechanistic and Organismic Structures, Managerial Hierarchies, Organizational Fit, Management and Decision-Making, General Principles of Management, Scientific Management, Power Failure in Management Circuits, The Science of ''Muddling Through, The Technology of Foolness, Behaviour in Organizations, Theory X and Theory Y, The Motivation-Hygiene Theory, Defensive Routines, Ceremonial Order, Acknowledgements, Author and Subject Index.
520 ## - SUMMARY, ETC.
Summary, etc. Introduction, The Structure of Organizations, Legitimate Authority and Bureaucracy, The Stratified Depth-Structure of Bureaucracy, The Structure of Complex Organization, Mechanistic and Organismic Structures, Managerial Hierarchies, Organizational Fit, Management and Decision-Making, General Principles of Management, Scientific Management, Power Failure in Management Circuits, The Science of ''Muddling Through, The Technology of Foolness, Behaviour in Organizations, Theory X and Theory Y, The Motivation-Hygiene Theory, Defensive Routines, Ceremonial Order, Acknowledgements, Author and Subject Index.
700 1# - ΠΡΟΣΘΕΤΗ ΑΝΑΓΡΑΦΗ--ΦΥΣΙΚΟ ΠΡΟΣΩΠΟ
Personal name Pugh Derek S
9 (RLIN) 4233
942 ## - ADDED ENTRY ELEMENTS (KOHA)
Koha item type Books
Holdings
Τύπος τεκμηρίου Βιβλιοθήκη Τρέχουσα τοποθεσία Barcode Αριθμός εισαγωγής Ημερομηνία απόκτησης Ταξιθετικό σύμβολο Αριθμός αντιτύπου Κατάσταση απόσυρσης Κατάσταση χαμένου Κατάσταση κατεστραμμένου Μη δανεισμός Σύνολο δανεισμών Ημερομηνία τελευταίας εμφάνισης Η τιμή ισχύει από
Books MC Athens Campus Library MC Athens Campus Library 9780000033314 1707 05/06/2025 658.402 PUG 1           05/06/2025 05/06/2025

MC Athens Campus Library
Πατησίων 94 & Κοδριγκτώνος 13, 104 34
Πελλήνης 8 & Πατησίων 107, 112 51
Τ: +30 210 8899600

MC Thessaloniki Campus Library
Ίωνος Δραγούμη 21, 54625 | Ίωνος Δραγούμη 15, 54625
Τ: +30 2310 287779 – Τ: +30 2314 440300